000 00646nam a22002057a 4500
999 _c8957
_d8957
003 AR-CdUCM
008 190327b ||||| |||| 00| 0 spa d
040 _aMUNICIPALIDAD PROVINCIAL DEL CUSCO
_cBIBLIOTECA MUNICIPAL DEL CUSCO
082 _a869.56 /
_bSA18
100 _aSalazar Gamarra, Roberto
_924545
245 _aLuces de mayo / El Ángel caído y otros cuentos /
260 _aLima :
_bDesbordes,
300 _a81 paginas ;
_c19 cm.
505 _aContenido : Poesia / Narrativas
650 _aPoesías perunas
_924852
650 _aLiteratura latinoamericana
_91143
650 _aNarrativas
_9976
942 _2ddc
_cLIBROS
945 _awnts